Statistics for Top Premier League Goal Scorers

Click here to take the quiz!

General Stats

  • This quiz has been taken 1,401 times
  • The average score is 15 of 20

Answer Stats

HintAnswer% Correct
1994-95Alan Shearer
89%
1995-96Alan Shearer
89%
1996-97Alan Shearer
89%
2001-02Thierry Henry
88%
2003-04Thierry Henry
88%
2004-05Thierry Henry
88%
2005-06Thierry Henry
88%
2009-10Didier Drogba
81%
2006-07Didier Drogba
81%
2011-12Robin van Persie
80%
2007-08Cristiano Ronaldo
78%
1997-98Dion Dublin/Michael Owen/Chris Sutton
74%
1998-99Jimmy Floyd Hasselbaink/Michael Owen
73%
1993-94Andy Cole
72%
2010-11Dimitar Berbatov/Carlos Tévez
65%
2002-03Ruud van Nistelrooy
62%
1992-93Teddy Sheringham
52%
2008-09Nicolas Anelka
46%
2000-01Jimmy Floyd Hasselbaink
39%
1999-2000Kevin Phillips
34%

Score Distribution

Percentile by Number Answered

Percent of People with Each Score

Your Score History

You have not taken this quiz